Applied microeconomics

Na minha lista:
Detalhes bibliográficos
Autor principal: Hope, Stephen
Formato: Livro
Idioma:inglês
Publicado em: Chichester John Wiley & Sons 1999
Assuntos:
Tags: Adicionar Tag
Sem tags, seja o primeiro a adicionar uma tag!

MARC

LEADER 00000nam a2200000 4500
001 c115529
005 20221221081606.9
020 |a 0-471-97914-7 
041 0 |a eng 
044 |a GB 
245 1 0 |a Applied microeconomics  |c by Stephen Hope 
264 1 |a Chichester  |b John Wiley & Sons  |c 1999 
300 |a 519 s. 
610 2 0 |a mikroekonomika 
610 2 0 |a spotreba 
610 2 0 |a dopyt 
610 2 0 |a ceny 
610 2 0 |a práca 
610 2 0 |a úspory 
610 2 0 |a modely 
610 2 0 |a riziko 
610 2 0 |a poistenie 
610 2 0 |a firmy 
610 2 0 |a trh 
610 2 0 |a konkurencia 
610 2 0 |a monopoly 
610 2 0 |a oligopoly 
610 2 0 |a analýza trhu 
610 2 0 |a rovnováha 
610 2 0 |a politika sociálna 
610 2 0 |a prostredie životné 
100 1 |a Hope, Stephen